|
|
|
|
| LEADER |
01121nam a2200337 a 4500 |
| 001 |
000429203 |
| 003 |
CZ BrMZK |
| 005 |
20250811133007.0 |
| 007 |
ta |
| 008 |
990315s1999 xr g 000 j eng d |
| 015 |
|
|
|a cnb000737662
|
| 020 |
|
|
|a 80-85938-19-7
|
| 035 |
|
|
|a (OCoLC)48032670
|
| 040 |
|
|
|a BOA001
|b cze
|
| 072 |
|
7 |
|a 821.162.3-3
|x Česká próza
|2 Konspekt
|9 25
|
| 080 |
|
|
|a 821.162.3-32
|2 MRF
|
| 080 |
|
|
|a (0:82-32)
|2 MRF
|
| 100 |
1 |
|
|a Neruda, Jan,
|d 1834-1891
|7 jk01083209
|4 aut
|
| 245 |
1 |
0 |
|a Malá Strana stories :
|b a week in a quiet house /
|c Jan Neruda ; [translation: Petr Kopet]
|
| 246 |
3 |
3 |
|a Week in a quiet house
|
| 260 |
|
|
|a Prague :
|b Vitalis,
|c 1999
|
| 300 |
|
|
|a 96 s. :
|b il. ;
|c 21 cm
|
| 490 |
1 |
|
|a Bibliotheca Bohemica
|
| 500 |
|
|
|a Přeloženo z češtiny
|
| 655 |
|
7 |
|a české povídky
|7 fd133971
|2 czenas
|
| 700 |
1 |
|
|a Kopet, Petr
|7 pna2010582274
|4 trl
|
| 765 |
0 |
|
|t Povídky malostranské
|9 Anglicky
|
| 830 |
|
0 |
|a Bibliotheca Bohemica
|0 s
|
| 910 |
|
|
|a BOA001
|b 2-1061.389
|
| 990 |
|
|
|a BK
|
| 996 |
6 |
|
|b 2610096406
|c 2-1061.389
|l MZK
|r Sklad / do 1 hodiny
|n 4
|p p.v.
|w 000429203
|u 000010
|a 1
|e BOA001
|j MZK50
|s P
|